Statistics for All Spanish first division football clubs ever

Click here to take the quiz!

General Stats

  • This quiz has been taken 141 times
  • The average score is 39 of 63

Answer Stats

SeasonsClub% Correct
92Real Madrid
100%
92FC Barcelona
99%
92Athletic Club de Bilbao
97%
79Sevilla FC
97%
86Atlético de Madrid
96%
57Real Betis Balompié
94%
76Real Sociedad
94%
88Valencia CF
94%
20CD Málaga
90%
17Málaga CF
90%
87RCD Espanyol
90%
18Getafe CF
89%
30RCD Mallorca
89%
46Deportivo de la Coruña
86%
57Celta de Vigo
82%
58Real Zaragoza
82%
15Cádiz CF
81%
3Girona FC
80%
20Rayo Vallecano
78%
41CA Osasuna
77%
46Real Valladolid
77%
26Granada CF
76%
23Villarreal CF
76%
34UD Las Palmas
73%
2AD Almería
72%
7UD Almería
72%
17Deportivo Alavés
70%
24Elche CF
70%
16Levante UD
70%
42Sporting de Gijón
66%
13CD Tenerife
65%
44Racing de Santander
65%
38Real Oviedo
62%
7SD Eibar
62%
9Córdoba CF
61%
7Albacete Balompié
59%
2SD Huesca
58%
6Burgos CF
57%
18Real Murcia
57%
12UD Salamanca
56%
4CD Leganés
54%
20Hércules de Alicante
48%
4CD Numancia
44%
2CF Extremadura
42%
2UE Lleida
42%
1Xerez CD
42%
3Real Jaén
41%
5Recreativo de Huelva
41%
11CD Castellón
39%
9CD Logroñés
39%
14CE Sabadell
39%
4Gimnàstic de Tarragona
39%
4SD Compostela
39%
2CP Mérida
37%
4Real Unión
37%
6Pontevedra CF
33%
1Cultural Leonesa
32%
4CD Alcoyano
30%
3CE Europa
29%
7Arenas de Getxo
28%
1Atlético de Tetuán
27%
1CD Condal
23%
3Real Burgos
15%

Score Distribution

Percentile by Number Answered

Percent of People with Each Score

Your Score History

You have not taken this quiz